|
|
|
|
| LEADER |
00757cam a2200301 7i4500 |
| 001 |
0000024542 |
| 005 |
20220119090000.0 |
| 020 |
0 |
0 |
|a 978-4-8224-1068-1
|
| 090 |
0 |
0 |
|a ASEA 658.5
|b JAP
|
| 110 |
2 |
0 |
|a Japan External Trade Organization (JETRO)
|
| 245 |
2 |
0 |
|a ASEAN logistics network map.
|
| 250 |
0 |
0 |
|a 2nd ed..
|
| 260 |
0 |
0 |
|a Tokyo:
|b JETRO,
|c 2009.
|
| 300 |
# |
# |
|a 373 p.
|
| 650 |
0 |
0 |
|a Logistics --
|z ASEAN
|
| 650 |
0 |
0 |
|a Transportation
|
| 651 |
0 |
0 |
|a Laos
|
| 651 |
0 |
0 |
|a Cambodia
|
| 651 |
0 |
0 |
|a Myanmar
|
| 651 |
0 |
0 |
|a Vietnam
|
| 651 |
0 |
0 |
|a India
|
| 651 |
0 |
0 |
|a ASEAN
|
| 651 |
0 |
0 |
|a Malaysia
|
| 651 |
0 |
0 |
|a Indonesia
|
| 651 |
0 |
0 |
|a Singapore
|
| 651 |
0 |
0 |
|a Philippines
|
| 651 |
0 |
0 |
|a Thailand
|
| 999 |
|
|
|a 0000026546
|b Book
|c Regions
|e Business Information Centre
|